000 00622nam a22002297a 4500
003 OSt
005 20150424144526.0
008 150424b xxu||||| |||| 00| 0 eng d
020 _a0471215201
022 _20471215201
040 _cDDC
082 _222nd ed.
_a547.2 ZUB 2004
100 _aZubrick, James W.
_94098
245 _aThe organic Chem Lab survival manual:
_ba student's guide to techniques
250 _a6th ed.
260 _aU.S;
_bWiley,
_c2004
300 _axix, 339p;
_bill:
_c23cm
504 _aIndex included
650 _aOrganic Chemistry
_9814
650 _aLab guide
_94099
942 _2ddc
_cO_SHELF
999 _c1555
_d1555